Derecho administrativo chileno y comparado. El control público.
Guardat en:
| Autor principal: | |
|---|---|
| Altres autors: | |
| Format: | Llibre |
| Idioma: | espanyol |
| Publicat: |
Santiago, Chile:
Jurídica de Chile,
1994
|
| Edició: | Primera edición |
| Matèries: | |
| Etiquetes: |
Afegir etiqueta
Sense etiquetes, Sigues el primer a etiquetar aquest registre!
|
MARC
| LEADER | 00000cam a2200000 a 4500 | ||
|---|---|---|---|
| 001 | UCF9574 | ||
| 003 | CL-VaPUC | ||
| 005 | 20250403114456.0 | ||
| 008 | 131129e19940000cl |||||||||||||||||spa|d | ||
| 999 | |c 354017 |d 354015 | ||
| 020 | |a 9561010690 | ||
| 040 | |c Pontificia Universidad Católica de Valparaíso | ||
| 082 | 0 | 4 | |a 342.06 SIL 1994 |2 21 |
| 100 | 1 | |a Silva Cimma, Enrique |e autor |9 435753 | |
| 245 | 1 | 0 | |a Derecho administrativo chileno y comparado. |b El control público. |
| 250 | |a Primera edición | ||
| 260 | |a Santiago, Chile: |b Jurídica de Chile, |c 1994 | ||
| 300 | |a 237 páginas. | ||
| 583 | |a last modification |c 20131129 12:34:00 |k Rodrigo Vera | ||
| 650 | 0 | |a Derecho administrativo chileno |9 461009 | |
| 650 | 0 | |a Derecho comparado |9 255664 | |
| 650 | 0 | |a Derecho público chileno |x Control |9 897879 | |
| 700 | |a Verdugo Lay, Aliro |9 890462 | ||
| 942 | |c BK |2 ddc | ||
| 945 | |d 20131129 12:34:00 |a dcastane | ||
| 952 | |0 0 |1 0 |3 erb |4 0 |6 342_060000000000000_SIL_1994 |7 0 |8 A |9 459646 |a BIBDER |b BIBDER |i 5031303 |l 1 |o 342.06 SIL 1994 |p 5031303 |r 2025-04-10 |s 2025-04-09 |w 2019-11-23 |y BK |z Catalogado en:20131129 |k DER | ||